Responsabilidade financeira : (Record no. 463)

MARC details
000 -LÍDER
Campo Fixo de Controle 00830nam a2200241 a 4500
001 - NÚMERO DE CONTROLE
Campo de Controle 463
003 - IDENTIFICAÇÃO DO NÚMERO DE CONTROLE
Campo de Controle BR-CuiBMT
005 - DATA E HORA DA ÚLTIMA ATUALIZAÇÃO
Campo de Controle 20231108152751.0
008 - DADOS FIXOS
Dados Fixos 231107s2012 Rsba 000 0 eng d
020 ## - INTERNATIONAL STANDARD BOOK NUMBER
Nº do ISBN 9788581750026
040 ## - AGÊNCIA CATALOGADORA
Código da Agência Catalogadora BR-CuiBMT
Agência que transcreveu o registro BR-CuiBMT
080 ## - Nº DA CLASSIFICAÇÃO DECIMAL UNIVERSAL
Nº edição CDU 2007
Nº Class. CDU 351.94:336.148
090 ## - NÚMERO DE CHAMADA
Nº classificação 351.94:336.148
Cutter G633r
100 1# - ENTRADA PRINCIPAL -- AUTOR PESSOAL
Nome pessoal Gomes, Emerson Cesar da Silva
245 10 - TÍTULO PRINCIPAL
Título principal Responsabilidade financeira :
Subtítulo uma teoria sobre a responsabilidade no âmbito dos tribunais de contas /
Indicação de responsabilidade Emerson Cesar da Silva Gomes.
260 ## - PUBLICAÇÃO, DISTRIBUIÇÃO, ETC.
Local de publicação Porto Alegre :
Editora Núria Fabris,
Data 2012.
300 ## - DESCRIÇÃO FÍSICA
N. páginas ou volumes 344 p. :
Ilustrações il. ;
Dimensões 23 cm
504 ## - NOTA DE BIBLIOGRAFIA, ETC.
Nota de bibliografia Inclui bibliografia.
650 ## - ASSUNTO TÓPICO
Cabeçalho tópico ou nome geográfico Tribunal de contas
Subdivisão geral Fiscalização
650 ## - ASSUNTO TÓPICO
Cabeçalho tópico ou nome geográfico Tribunal de contas
Subdivisão geral Responsabilidade
-- Direito comparado
650 ## - ASSUNTO TÓPICO
Cabeçalho tópico ou nome geográfico Execução orçamentária
942 ## - ELEMENTOS DE ENTRADA ADICIONAIS (KOHA)
Fonte de classificação ou esquema de arquivamento Classificação Decimal Universal
Tipo de item do Koha Livros
Holdings
Estado: removido Estado: perdido Fonte de classificação ou esquema de arquivamento Estado: danificado Indisponível para empréstimo Localização permanente Localização atual Data de aquisição Total Checkouts Número de Chamada completo Código de barras Date last seen Número do exemplar Preço efetivo a partir de Tipo de item (Koha)
    Classificação Decimal Universal     Biblioteca da Escola Superior de Contas do TCE/MT Biblioteca da Escola Superior de Contas do TCE/MT 07/11/2023   351.94:336.148 G633r BIBTCEMT23110217 07/11/2023 Ex. 1 07/11/2023 Livros

Powered by Koha